000 00485 a2200181 4500
003 OSt
005 20231201120535.0
008 231201b |||||||| |||| 00| 0 eng d
020 _a9789354825750
040 _coclc
082 _a894.8123
_bHAR/A
100 _aHareesh, S
_97018
245 _aAugust 17 /
_cS. Hareesh
250 _a1st ed.
260 _aKottayam:
_bD C Books,
_c2022.
300 _a368p.
942 _2ddc
_cBK
_h894.8123
_iHAR/A
_k894.8123
_mHAR/A
999 _c43916
_d43916